Southville International School and Colleges
Your cart is empty.
  • Cart
  • Lists
    Public lists Eva Luna New books Lux_list list_1
    Your lists Log in to create your own lists
  • Log in to your account
  • Your cookies
  • Search history
Southville International School and Colleges
  • Advanced search
  • Recent comments
  • Most popular
  • Libraries

Log in to your account

Log in with GOOGLE


If you do not have an external account, but do have a local account, you can still log in:

  1. Home
  2. MARC view: Wildlife: be a wildlife detective /
Normal view MARC view ISBD view

Wildlife: be a wildlife detective / (Record no. 103853)

[ view plain ]
MARC details
000 -LEADER
fixed length control field 00521nam a2200181 a 4500
005 - DATE AND TIME OF LATEST TRANSACTION
control field 20140412111309.0
008 - FIXED-LENGTH DATA ELEMENTS--GENERAL INFORMATION
fixed length control field 000904s19uu xx 00 eng d
020 ## - INTERNATIONAL STANDARD BOOK NUMBER
International Standard Book Number 0-7496-1308-4
050 ## - LIBRARY OF CONGRESS CALL NUMBER
Classification number REF 333.95
Item number J54 1992
100 ## - MAIN ENTRY--PERSONAL NAME
Personal name Jennings, Terry
245 ## - TITLE STATEMENT
Title Wildlife: be a wildlife detective /
Statement of responsibility, etc Jennings, Terry ; illustrated by Patricia Papps.
260 ## - PUBLICATION, DISTRIBUTION, ETC. (IMPRINT)
Place of publication, distribution, etc London :
Name of publisher, distributor, etc Watts Books,
Date of publication, distribution, etc 1992.
300 ## - PHYSICAL DESCRIPTION
Extent 26 p.
440 ## - SERIES STATEMENT/ADDED ENTRY--TITLE
Title Start Exlporing Books
500 ## - GENERAL NOTE
General note Includes index
650 ## - SUBJECT ADDED ENTRY--TOPICAL TERM
Topical term or geographic name as entry element Facts
Holdings
Withdrawn status Lost status Damaged status Home library Current library Shelving location Date acquired Source of acquisition Total Checkouts Full call number Barcode Date last seen Price effective from Koha item type
      Elizalde Library Elizalde Library Reference Section 09/04/2000     REF 333.95 J54 1992 E6012 04/12/2014 04/12/2014 Books

Wildlife: be a wildlife detective /

APA

Jennings T., . (1992). Wildlife: be a wildlife detective. London: Watts Books.

Chicago

Jennings Terry, . 1992. Wildlife: be a wildlife detective. London: Watts Books.

Harvard

Jennings T., . (1992). Wildlife: be a wildlife detective. London: Watts Books.

MLA

Jennings Terry, . Wildlife: be a wildlife detective. London: Watts Books. 1992.

  • Place hold
  • Print
  • Cite
  • Add to your cart (remove)
  • Save record
    BIBTEX Dublin Core MARCXML MARC (non-Unicode/MARC-8) MARC (Unicode/UTF-8) MARC (Unicode/UTF-8, Standard) MODS (XML) RIS
  • More searches
    Search for this title in:
    Other Libraries (WorldCat) Other Databases (Google Scholar) Online Stores (Bookfinder.com) Open Library (openlibrary.org)

Exporting to Dublin Core...

SOUTHVILLE LIBRARY

Southville International School and Colleges Library

1281 Tropical Ave. Cor. Luxembourg St., BF Homes International, Las Pinas City

Tel. No. 8256374 / 252358 Loc. 117/146

Powered by Koha